The Trump Presidency, Journalism, and Democracy (Record no. 66953)

MARC details
000 -LEADER
fixed length control field 01441nam a2200229Ii 4500
008 - FIXED-LENGTH DATA ELEMENTS--GENERAL INFORMATION
fixed length control field 221202s xx 000 0 und d
245 #4 - TITLE STATEMENT
Title The Trump Presidency, Journalism, and Democracy
264 #1 - PRODUCTION, PUBLICATION, DISTRIBUTION, MANUFACTURE, AND COPYRIGHT NOTICE
Place of production, publication, distribution, manufacture [Place of publication not identified] :
Name of producer, publisher, distributor, manufacturer [Publisher not identified],
Date of production, publication, distribution, manufacture, or copyright notice 2018
300 ## - PHYSICAL DESCRIPTION
Extent 1 online resource
336 ## - CONTENT TYPE
Content type term text
Content type code txt
Source rdacontent
337 ## - MEDIA TYPE
Media type term computer
Media type code c
Source rdamedia
338 ## - CARRIER TYPE
Carrier type term online resource
Carrier type code cr
Source rdacarrier
520 ## - SUMMARY, ETC.
Summary, etc. This book examines the disruptive nature of Trump news : both the news his administration makes and the coverage of it : related to dominant paradigms and ideologies of U.S. journalism. By relying on conceptualizations of media memory and othering through news coverage that enhances socio-conservative positions on issues such as immigration, the book positions this moment in a time of contestation. Contributors ranging from scholars, professionals, and media critics operate in unison to analyze today’s interconnected challenges to traditional practices within media spheres posed by Trump news. The outcomes should resonate with citizens who rely on journalism for civic engagement and who are active in social change
653 ## - INDEX TERM--UNCONTROLLED
Uncontrolled term Brian J. Bowe
653 ## - INDEX TERM--UNCONTROLLED
Uncontrolled term Carolyn Guniss
653 ## - INDEX TERM--UNCONTROLLED
Uncontrolled term Douglas Kellner
653 ## - INDEX TERM--UNCONTROLLED
Uncontrolled term Frank Durham
653 ## - INDEX TERM--UNCONTROLLED
Uncontrolled term Ai Cross
700 1# - ADDED ENTRY--PERSONAL NAME
Personal name Gutsche, Robert E. Jr.
856 ## - ELECTRONIC LOCATION AND ACCESS
Uniform Resource Identifier <a href="https://library.oapen.org/handle/20.500.12657/41352">https://library.oapen.org/handle/20.500.12657/41352</a>
942 ## - ADDED ENTRY ELEMENTS (KOHA)
Koha item type E-Book
Holdings
Withdrawn status Damaged status Not for loan Home library Current library Date acquired Total Checkouts Date last seen Price effective from Koha item type
      Directory of Open Access Books Directory of Open Access Books 11/28/2022   11/28/2022 11/28/2022 E-Book

University of Rizal System
Email us at univlibservices@urs.edu.ph

Visit our Website www.urs.edu.ph/library